01170nam a2200241Ia 450000100060000000300090000600800410001504000130005604000130006904100130008210000190009510000290011424500710014324500710021425000110028526000100029626000090030626000490031530000570036450004340042165000420085565000310089799393IT-RoPAU130308s9999 xx 000 0 und d aIT-RoPAU cIT-RoPAU aFRANCESE aMeignant Alain gCodice Aut. SPICS: 34215 aStrategie du plan individuel de formation... et ses tactiques (La) bStrategie Du plan individuel de Formation... et Ses tactiques (La) a1a ed. aPARIS bRetz c1990 [1° Ed.:1990 - Ed.Ling.Originale:1990] a"160 p. (prefazione: no ; testo: 160 [pagine: 0-0])" aStrategia e Tattiche del piano Individuale di Formazione. Formazione Continua. Cio' che si Deve Sapere Prima di Costruire Il Proprio piano Individuale di Formazione. 20 Preconcetti Veri o Falsi e Domande Correnti. Formazioneper Fare Che? Quali Obiettivi? Come Fare per Formarsi? Dalla Teoria del piano Alla Sua Realizzazione. consigli pratici per Il Tirocinio. Formazione per Raggiungere degli Obiettivi e un programma di Lavoro. aPEDAGOGIA DELLA COMUNICAZIONE SOCIALE eCodice materia Spics: 3804